000 00790nam a2200217 a 4500
001 20748
003 CO-ViMGA
008 141112s2004 ck r 000 u spa d
020 _a9589190065
040 _aCO-ViMGA
_bspa
_cCO-ViMGA
082 0 4 _a189.1 W367t
100 1 _aWeor, Samael Aun
_930033
245 1 0 _aLas tres montañas
260 _aBogotá :
_bMovimiento Gnóstico cristiano universal de Cololombia,
_c1994
300 _a342p
505 _aLa iglesia Gnóstica 104 - - Una aventura suprasensible 167 - - 228 - - La resurrección 301
590 _aForma de adquisición : Donación - - Precio : 10000 - - Proveedor : Movimiento Gnódtico cristiano de Colombia - - Fecha de adquisición : Mayo 2006
650 1 4 _aGNOSTICISMO
_95777
650 1 4 _aOCULTISMO
942 _2ddc
_cBK
999 _c29722
_d29722